[Event "Punta Arenas op 2nd"]
[Site "Punta Arenas"]
[Date "2018.02.10"]
[Round "6.3"]
[White "Ortiz, Jaime"]
[Black "Silva Diaz, Sebastian"]
[Result "1-0"]
[WhiteElo "1857"]
[BlackElo "1614"]
[PlyCount "57"]
[EventDate "2018.02.05"]
[EventType "swiss"]
[EventRounds "6"]
[EventCountry "CHI"]
[SourceTitle "EXT 2024"]
[Source "ChessBase"]
[SourceDate "2023.10.10"]
[SourceVersion "1"]
[SourceVersionDate "2023.10.10"]
[SourceQuality "1"]

1. e4 d5 2. exd5 Qxd5 3. Nc3 Qa5 4. d4 Nf6 5. Nf3 Bg4 6. Bd2 Nc6 7. Bb5 Qb6 8. d5 Rd8 9. dxc6 bxc6 10. Bd3 e5 11. 0-0 Bb4 12. Qe2 0-0 13. a3 Bxc3 14. Bxc3 Nd5 15. Bd2 Rfe8 16. Bxh7+ Kxh7 17. Ng5+ Kg8 18. Qxg4 Nf6 19. Qe2 Qxb2 20. Bb4 e4 21. Qc4 Rd5 22. h4 e3 23. fxe3 Rxe3 24. Rad1 Qe5 25. Qxc6 Rxd1 26. Rxd1 g6 27. Qc5 Qe8 28. Rf1 Nh5 29. Rxf7 1-0

[Event "Punta Arenas op 2nd"]
[Site "Punta Arenas"]
[Date "2018.02.09"]
[Round "5.1"]
[White "Hurtado Bahamonde, Matias"]
[Black "Ortiz, Jaime"]
[Result "1-0"]
[WhiteElo "1982"]
[BlackElo "1857"]
[PlyCount "65"]
[EventDate "2018.02.05"]
[EventType "swiss"]
[EventRounds "6"]
[EventCountry "CHI"]
[SourceTitle "EXT 2024"]
[Source "ChessBase"]
[SourceDate "2023.10.10"]
[SourceVersion "1"]
[SourceVersionDate "2023.10.10"]
[SourceQuality "1"]

1. e4 c5 2. Nf3 Nc6 3. Bb5 d6 4. Bxc6+ bxc6 5. 0-0 Bg4 6. c3 Nf6 7. d3 e5 8. h3 Bh5 9. Qa4 Qc7 10. Nbd2 Be7 11. d4 cxd4 12. cxd4 0-0 13. dxe5 dxe5 14. b3 Nd7 15. Bb2 a5 16. Rac1 Rfc8 17. Qc4 Nb6 18. Qe2 f6 19. a3 Bf7 20. Nh4 Bf8 21. Nf5 Kh8 22. Rc3 Qd7 23. Qe3 Rab8 24. f4 Rd8 25. Rf2 exf4 26. Qxf4 c5 27. Rg3 Bg6 28. Nh4 Qf7 29. e5 Nd5 30. Nxg6+ Qxg6 31. Qh4 Qf7 32. exf6 g6 33. Ne4 1-0